01021nam a2200217Ia 4500003000400000005001700004008004100021020001500062040002100077041000800098082002100106100004100127245009300168250002200261260006100283300002900344504003800373505027100411650006100682650006000743OSt20200729151519.0191128t1996 ck fr 000 0 spa d a9586162672 aCO-JMCRcCO-JMCR0 aspa04a342 /bR436p2231 aRestrepo Piedrahita, Carlos, eautor10aPrimeras constituciones de Colombia y Venezuela 1811-1830 / cCarlos Restrepo Piedrahita aSegunda edición aBogotá : bUniversidad Externado de Colombia, c©1996 a454 páginas ; c25 cm. aBibliografía: páginas 445-4540 aDelimitación del período histórico -- Los desarrollos constitucionales en las provincias -- En la Nueva Granada (1811-1815) -- Intermedio: la constitución de Cadiz -- Dos apostillas marginales -- Otros tres años heroicos -- Hacia la República de Colombia14aHistoria constitucional xhistoriay1811-1830zColombia14aHistoria constitucionalxhistoriay1811-1830zVenezuela